| 000 | 00484ntaaa2200193 4500 | ||
|---|---|---|---|
| 003 | 01 | ||
| 005 | 20251027202107.0 | ||
| 008 | 0714s1973 ag 01 | ||
| 040 |
_aAR-BaBN _bspa _cAR-BaBN _eaacr _dRIC |
||
| 082 | _a252.0000 W52 | ||
| 100 |
_aWestcott, Brooke Foss _9923 |
||
| 245 | _aThoughts on revelation and life | ||
| 250 | _a1 ed. | ||
| 260 |
_aLondon : _bMacmillan and Co, _cc1887 |
||
| 300 | _a388 p | ||
| 650 |
_asermones _9362 |
||
| 700 |
_aPhillips, S _919429 |
||
| 942 | _cBK | ||
| 999 |
_c15781 _d15781 |
||